[Event "?"]
[Site "?"]
[Date "????.??.??"]
[Round "?"]
[White "Humburg, P."]
[Black "Akesson, R."]
[Result "0-1"]
[WhiteElo "2087"]
[BlackElo "2466"]
[PlyCount "146"]
[EventDate "2014.??.??"]

1. e4 c5 2. Nf3 e6 3. d4 cxd4 4. Nxd4 Nc6 5. Nc3 Qc7 6. Be2 a6 7. O-O b5 8. a4
b4 9. Na2 Bb7 10. c3 Nf6 11. Nxc6 Bxc6 12. Nxb4 Bxe4 13. Be3 a5 14. Nc2 Bd6 15.
h3 Nd5 16. Bd4 Rb8 17. f3 Bxc2 18. Qxc2 Bc5 19. Bxc5 Qxc5+ 20. Rf2 O-O 21. Bb5
Rfd8 22. Re1 Ne7 23. Qd2 Rbc8 24. Rd1 d5 25. Qd4 Qxd4 26. Rxd4 Nf5 27. Rd3 Nd6
28. b3 Kf8 29. Rfd2 Nb7 30. Ba6 Rb8 31. Bxb7 Rxb7 32. c4 Ke7 33. cxd5 Rbd7 34.
Kf2 Rxd5 35. Ke3 Re5+ 36. Kf2 Rxd3 37. Rxd3 Rc5 38. Ke3 Rc2 39. g3 g5 40. b4
axb4 41. Rb3 Ra2 42. Rxb4 Ra3+ 43. Ke2 Ra2+ 44. Ke3 Ra3+ 45. Ke2 f5 46. Rb7+
Kf6 47. Rb4 h5 48. Kf2 Ra2+ 49. Ke3 Ra3+ 50. Kf2 Ra2+ 51. Ke3 Rh2 52. a5 Ra2
53. Rb5 Ra4 54. Kf2 Ra2+ 55. Ke3 Ra3+ 56. Kf2 Ra4 57. Rc5 Ra2+ 58. Ke3 Ra4 59.
Rb5 h4 60. gxh4 Rxh4 61. a6 Ra4 62. Rb6 Ra3+ 63. Kf2 Ra2+ 64. Ke3 f4+ 65. Kd4
Ra3 66. h4 gxh4 67. Rb1 Rxa6 68. Rh1 e5+ 69. Kd5 Ra3 70. Rxh4 Rxf3 71. Rh6+ Kg5
72. Rh8 Re3 73. Rg8+ Kf6 0-1

[Event "?"]
[Site "?"]
[Date "????.??.??"]
[Round "?"]
[White "Dann, M."]
[Black "Oehl, T."]
[Result "1/2-1/2"]
[WhiteElo "2464"]
[BlackElo "2120"]
[PlyCount "106"]
[EventDate "2014.??.??"]

1. c4 f5 2. g3 Nf6 3. Bg2 d6 4. Nc3 e5 5. d3 Be7 6. e4 Nc6 7. Nge2 O-O 8. h3
Be6 9. Nd5 fxe4 10. dxe4 Qd7 11. Be3 Na5 12. b3 c6 13. Nxf6+ Bxf6 14. Qd2 b6
15. Rd1 Rad8 16. g4 Rf7 17. Ng3 g6 18. O-O Qc7 19. g5 Be7 20. h4 Rdf8 21. Rc1
c5 22. f4 exf4 23. Rxf4 Nc6 24. Ne2 Ne5 25. Rcf1 Ng4 26. Rxf7 Rxf7 27. Rxf7
Bxf7 28. Bf4 Ne5 29. Nc3 Be6 30. Qe3 Bf8 31. Nd5 Bxd5 32. exd5 Bg7 33. Bh3 Qe7
34. Kg2 Kh8 35. Kg3 Qf8 36. Be6 Qe7 37. Kg2 Qf8 38. Bg3 Qe7 39. Qe2 Qe8 40. Be1
Qf8 41. Bd2 Qe8 42. a3 Qf8 43. b4 Qe7 44. b5 Nf7 45. a4 Bd4 46. Qf3 Kg7 47. a5
Ne5 48. Qe2 Qf8 49. axb6 axb6 50. Be1 Qf4 51. Bg3 Qc1 52. Bxe5+ Bxe5 53. Qa2
Qb2+ 1/2-1/2

[Event "?"]
[Site "?"]
[Date "????.??.??"]
[Round "?"]
[White "Sponheim, M."]
[Black "Belezky, A."]
[Result "0-1"]
[WhiteElo "2118"]
[BlackElo "2454"]
[PlyCount "110"]
[EventDate "2014.??.??"]

1. e4 c5 2. c4 Nc6 3. Nc3 g6 4. g3 Bg7 5. Bg2 Nf6 6. Nge2 O-O 7. O-O a6 8. a4
Ne8 9. d3 Nc7 10. Rb1 Rb8 11. Be3 Ne6 12. f4 d6 13. Bf2 Bd7 14. Nd5 b5 15. axb5
axb5 16. b3 b4 17. Ne3 Ned4 18. Nxd4 Nxd4 19. Nc2 Nxc2 20. Qxc2 Bc3 21. Be1
Bd4+ 22. Bf2 Bc3 23. Be1 Bxe1 24. Rfxe1 e5 25. Qf2 f6 26. fxe5 fxe5 27. Qe3 Ra8
28. Rb2 Ra3 29. Rf1 Rxf1+ 30. Bxf1 Kg7 31. Qf3 Be6 32. h4 Ra1 33. Kh2 Qf6 34.
Qxf6+ Kxf6 35. Be2 h5 36. Kg2 Bg4 37. Bf3 Kg7 38. Kf2 Bh3 39. Be2 Kh6 40. Bf3
g5 41. hxg5+ Kxg5 42. Ke3 Re1+ 43. Kf2 Rf1+ 44. Ke3 Bg4 45. Be2 Rg1 46. Kf2 Rh1
47. Bf3 Rh2+ 48. Bg2 h4 49. gxh4+ Kxh4 50. Kg1 Kg3 51. Rf2 Bd1 52. Kf1 Bxb3 53.
Rf6 Bc2 54. Rg6+ Kf4 55. Rxd6 b3 0-1

[Event "?"]
[Site "?"]
[Date "????.??.??"]
[Round "?"]
[White "Izsak, G."]
[Black "Hansch, T."]
[Result "1/2-1/2"]
[WhiteElo "2444"]
[BlackElo "2117"]
[PlyCount "100"]
[EventDate "2014.??.??"]

1. d4 d5 2. Nf3 Nf6 3. c4 e6 4. Nc3 Be7 5. Bg5 O-O 6. e3 Nbd7 7. cxd5 exd5 8.
Rc1 c6 9. Bd3 Re8 10. Qc2 Nf8 11. O-O Bg4 12. Ne5 Bh5 13. Bf4 N6d7 14. a3 Nxe5
15. Bxe5 Bg6 16. Ne2 Bxd3 17. Qxd3 a5 18. Qb3 Ra6 19. Nc3 b5 20. a4 b4 21. Ne2
Bd6 22. Bxd6 Qxd6 23. Nf4 Ng6 24. Qd3 Rb6 25. Nxg6 Qxg6 26. Qxg6 hxg6 27. Rc5
Ra6 28. Rfc1 Re6 29. Kf1 f5 30. h4 Kh7 31. g3 Kh6 32. Kg2 g5 33. hxg5+ Kxg5 34.
Rh1 Rh6 35. f4+ Kg6 36. b3 Kf7 37. Rcc1 Re6 38. Kf3 Ra8 39. Rc5 Rae8 40. Re1
Ra8 41. Re2 Ke7 42. Rc1 Rh8 43. Rc5 Ra8 44. g4 fxg4+ 45. Kxg4 Kd7 46. Kf3 Kc7
47. Kf2 Kb6 48. Rc1 g5 49. fxg5 Rg8 50. Ke1 Rxg5 1/2-1/2

[Event "?"]
[Site "?"]
[Date "????.??.??"]
[Round "?"]
[White "Büchmann, O."]
[Black "Farago, I."]
[Result "1-0"]
[WhiteElo "2117"]
[BlackElo "2443"]
[PlyCount "105"]
[EventDate "2014.??.??"]

1. c4 e5 2. g3 Nf6 3. Bg2 d5 4. cxd5 Nxd5 5. Nf3 Nc6 6. O-O Nb6 7. b3 Bd6 8.
Bb2 O-O 9. d3 Bg4 10. Nbd2 Qd7 11. Rc1 Bh3 12. Rxc6 bxc6 13. Nxe5 Bxe5 14. Bxh3
Qxh3 15. Bxe5 Rfe8 16. Nf3 Re7 17. Bb2 Rae8 18. e4 Qh5 19. Nd4 Qxd1 20. Rxd1
Rd7 21. Rc1 f6 22. Rxc6 Nc8 23. Kf1 Kf7 24. Ke2 Ne7 25. Ra6 Ra8 26. Ne6 Nc8 27.
d4 Rb8 28. Nc5 Re7 29. Kd3 Rb6 30. Ra5 Re8 31. f4 Rd6 32. d5 c6 33. Nb7 Rd7 34.
Nc5 Rde7 35. dxc6 Rc7 36. Ra6 Ne7 37. Nb7 Ra8 38. Na5 Rac8 39. Bd4 Nxc6 40.
Nxc6 Rxc6 41. Rxa7+ Kf8 42. b4 Rc1 43. Bc5+ Kg8 44. e5 fxe5 45. fxe5 Re1 46.
Kd4 Rh1 47. e6 Rxh2 48. e7 Kf7 49. Ra3 Rd2+ 50. Kc4 Rc2+ 51. Kb5 Ke6 52. Re3+
Kd7 53. a4 1-0

[Event "?"]
[Site "?"]
[Date "????.??.??"]
[Round "?"]
[White "Langheinrich, F."]
[Black "Eskandary, J."]
[Result "1-0"]
[WhiteElo "2439"]
[BlackElo "2116"]
[PlyCount "31"]
[EventDate "2014.??.??"]

1. Nf3 d6 2. d4 Nd7 3. c4 e5 4. Nc3 c6 5. g3 Ngf6 6. Bg2 Be7 7. O-O Qc7 8. Qc2
Nf8 9. b3 Ng6 10. Bb2 h5 11. h4 Ng4 12. c5 dxc5 13. dxe5 N4xe5 14. Nxe5 Nxe5
15. Na4 b6 16. Bxe5 1-0

[Event "?"]
[Site "?"]
[Date "????.??.??"]
[Round "?"]
[White "Martinsen, S."]
[Black "Gutman, L."]
[Result "1/2-1/2"]
[WhiteElo "2105"]
[BlackElo "2438"]
[PlyCount "94"]
[EventDate "2014.??.??"]

1. d4 Nf6 2. c4 g6 3. Nc3 Bg7 4. e4 O-O 5. f4 c6 6. e5 Ne8 7. Nf3 d5 8. Qb3 Nc7
9. Be3 a5 10. c5 f6 11. Be2 Ne6 12. g3 Bh6 13. Na4 Ng7 14. Nb6 Ra7 15. Nxc8
Qxc8 16. O-O a4 17. Qc3 b6 18. cxb6 Rb7 19. Qb4 Qd8 20. Qxa4 Qxb6 21. Rab1 fxe5
22. Nxe5 Nf5 23. Bf2 g5 24. g4 Nd6 25. f5 Ne4 26. Be3 Bg7 27. Qa3 Nd2 28. Bxd2
Bxe5 29. Bxg5 Bxd4+ 30. Kh1 Nd7 31. Bxe7 Re8 32. f6 Bxf6 33. Bxf6 Rxe2 34. Qf3
Qe3 35. Qxe3 Rxe3 36. Rf2 c5 37. Bg5 Re8 38. Rf5 d4 39. a3 Rb6 40. Rd5 h6 41.
Rxd7 hxg5 42. Rd5 Re2 43. Rf1 Kg7 44. Kg1 Kg6 45. Rf2 Re1+ 46. Rf1 Re2 47. Rf2
Re1+ 1/2-1/2

[Event "?"]
[Site "?"]
[Date "????.??.??"]
[Round "?"]
[White "Arnaudov, G. P."]
[Black "Schoenwaelder, B."]
[Result "1-0"]
[WhiteElo "2429"]
[BlackElo "2101"]
[PlyCount "43"]
[EventDate "2014.??.??"]

1. Nf3 Nf6 2. c4 c6 3. g3 d5 4. Bg2 e6 5. O-O Be7 6. d4 O-O 7. Nbd2 Nbd7 8. Qc2
Re8 9. e4 dxe4 10. Nxe4 Nxe4 11. Qxe4 Bf6 12. Rd1 Qe7 13. Bf4 Nb6 14. Rac1 Bd7
15. h4 Qb4 16. b3 a5 17. Ne5 Bxe5 18. dxe5 h6 19. Bf1 Qf8 20. Bd3 f5 21. exf6
Qxf6 22. Qh7+ 1-0

[Event "?"]
[Site "?"]
[Date "????.??.??"]
[Round "?"]
[White "Schulz, P."]
[Black "Sundararajan, K."]
[Result "0-1"]
[WhiteElo "2098"]
[BlackElo "2424"]
[PlyCount "74"]
[EventDate "2014.??.??"]

1. e4 c5 2. c3 Nf6 3. e5 Nd5 4. d4 cxd4 5. Nf3 e6 6. cxd4 d6 7. Bc4 Nc6 8. O-O
Be7 9. Qe2 O-O 10. Qe4 Ndb4 11. Bb3 dxe5 12. dxe5 Qd3 13. Qg4 Qg6 14. Qxg6 hxg6
15. Na3 Rd8 16. Nc4 b5 17. Ne3 Nd3 18. Ng4 Bb7 19. a3 Rac8 20. Rb1 Na5 21. Ba2
Be4 22. Bd2 Nc6 23. Bc3 Nf4 24. Ra1 Ne2+ 25. Kh1 Nxc3 26. bxc3 Bxf3 27. gxf3
Rd3 28. c4 Rxa3 29. cxb5 Nd4 30. Rad1 Nxb5 31. Bb1 Rxf3 32. Rd7 Rc7 33. Rxc7
Nxc7 34. Rc1 Nd5 35. Rc8+ Kh7 36. Be4 Rc3 37. Re8 Nf4 0-1

[Event "?"]
[Site "?"]
[Date "????.??.??"]
[Round "?"]
[White "Fogarasi, T."]
[Black "Rudolf, M."]
[Result "1-0"]
[WhiteElo "2392"]
[BlackElo "2092"]
[PlyCount "55"]
[EventDate "2014.??.??"]

1. e4 e6 2. d4 d5 3. Nc3 Nc6 4. Nf3 Nf6 5. exd5 exd5 6. Bb5 Bb4 7. O-O O-O 8.
Bxc6 bxc6 9. Ne5 Bxc3 10. bxc3 Qd6 11. Bf4 Qa3 12. Nxc6 Qxc3 13. Ne7+ Kh8 14.
Be5 Be6 15. Qd3 Qb4 16. Bxf6 gxf6 17. Nf5 Bxf5 18. Qxf5 Qd6 19. Rae1 Rae8 20.
Re3 Rxe3 21. fxe3 Kg7 22. Rf3 Qe6 23. Qf4 Rc8 24. Rh3 Kh8 25. Qh6 Qf5 26. Rh5
Qg6 27. Qxg6 fxg6 28. Rxd5 1-0

[Event "?"]
[Site "?"]
[Date "????.??.??"]
[Round "?"]
[White "Enchev, I."]
[Black "Müller, D."]
[Result "1-0"]
[WhiteElo "2392"]
[BlackElo "2087"]
[PlyCount "57"]
[EventDate "2014.??.??"]

1. b3 c5 2. Bb2 Nc6 3. e3 e5 4. c4 g6 5. f4 d6 6. Nf3 Bg7 7. Be2 Nge7 8. O-O
O-O 9. fxe5 dxe5 10. Nc3 h6 11. e4 f5 12. d3 f4 13. Nd5 g5 14. Nd2 Be6 15. Bg4
Bf7 16. a3 Qd6 17. Bh5 Kh7 18. b4 Ng8 19. Bxf7 Rxf7 20. Qh5 Rd7 21. Nf3 Bf6 22.
h4 gxh4 23. b5 Nd4 24. Bxd4 cxd4 25. Qf5+ Kh8 26. Nxf6 Nxf6 27. Nxe5 Rg7 28.
Ng6+ Kg8 29. e5 1-0

[Event "?"]
[Site "?"]
[Date "????.??.??"]
[Round "?"]
[White "Klenburg, M."]
[Black "Stock, A."]
[Result "1-0"]
[WhiteElo "2368"]
[BlackElo "2085"]
[PlyCount "94"]
[EventDate "2014.??.??"]

1. g3 c5 2. Bg2 Nc6 3. e4 g6 4. d3 Bg7 5. f4 d6 6. Nf3 e5 7. c3 Nge7 8. O-O O-O
9. Na3 Rb8 10. f5 gxf5 11. Nh4 Bd7 12. Nc4 Be8 13. exf5 f6 14. Ne3 d5 15. Ng4
Kh8 16. Nf2 Ng8 17. g4 Bh6 18. Nf3 Bxc1 19. Qxc1 Qd7 20. Qe3 d4 21. Qe2 Qg7 22.
h3 dxc3 23. bxc3 b6 24. Qe4 Rd8 25. Rfd1 Nge7 26. Rac1 Bf7 27. c4 Nd4 28. Nxd4
Rxd4 29. Qb7 Nc8 30. Re1 Rfd8 31. a4 Be8 32. Qxg7+ Kxg7 33. a5 bxa5 34. Ne4 Nb6
35. Nxc5 Bf7 36. Be4 Kh6 37. Nb3 Rxd3 38. Bxd3 Rxd3 39. Nxa5 Rxh3 40. Kg2 Ra3
41. Rh1+ Kg5 42. Rxh7 Rxa5 43. Rxf7 Kxg4 44. Rxf6 Ra2+ 45. Kg1 Nd7 46. Rf7 Nc5
47. f6 Kg5 1-0

[Event "?"]
[Site "?"]
[Date "????.??.??"]
[Round "?"]
[White "Martin, J."]
[Black "Zwahr, P."]
[Result "1-0"]
[WhiteElo "2052"]
[BlackElo "2362"]
[PlyCount "107"]
[EventDate "2014.??.??"]

1. e4 c5 2. Nf3 e6 3. c4 Nc6 4. d4 cxd4 5. Nxd4 Nf6 6. Nc3 Bb4 7. Nxc6 bxc6 8.
Bd3 e5 9. O-O O-O 10. Bg5 h6 11. Bh4 d6 12. Ne2 Rb8 13. Kh1 Bc5 14. Qc1 Kh8 15.
Rb1 Rg8 16. f4 Qf8 17. Bxf6 gxf6 18. f5 Qg7 19. Ng3 Ba6 20. Rf3 Qg5 21. Qc2 Rg7
22. Bf1 Rbg8 23. b4 Bd4 24. Rbb3 c5 25. Ne2 Qh4 26. Nxd4 cxd4 27. Rh3 Qe1 28.
Rb1 d3 29. Rxh6+ Rh7 30. Rxh7+ Kxh7 31. Qxd3 Qh4 32. Rb3 Bb7 33. Qh3 Rg4 34.
Ra3 Qxh3 35. Rxh3+ Kg7 36. Rg3 Rxg3 37. hxg3 Bxe4 38. g4 Bc2 39. Be2 Kh6 40.
Kh2 Kg5 41. Kg3 e4 42. c5 dxc5 43. bxc5 Ba4 44. Bc4 Bd1 45. c6 Bxg4 46. Bxf7
Bxf5 47. Be8 Be6 48. Bd7 Kf5 49. Kf2 Ke5 50. a4 a5 51. Bxe6 Kxe6 52. Ke3 Kd6
53. Kxe4 Kxc6 54. Kf5 1-0

[Event "?"]
[Site "?"]
[Date "????.??.??"]
[Round "?"]
[White "Gungl, T."]
[Black "Neef, M."]
[Result "1/2-1/2"]
[WhiteElo "2054"]
[BlackElo "2331"]
[PlyCount "179"]
[EventDate "2014.??.??"]

1. e4 e6 2. d4 d5 3. Nd2 c5 4. exd5 exd5 5. Bb5+ Bd7 6. Bxd7+ Nxd7 7. Ngf3 Qe7+
8. Qe2 Ngf6 9. Qxe7+ Bxe7 10. O-O O-O 11. c3 Rfe8 12. Rd1 a5 13. Nf1 a4 14. Bg5
h6 15. Bh4 a3 16. b3 g5 17. Bg3 Ne4 18. Rac1 f5 19. Ne5 Nf8 20. f3 Nf6 21. Bf2
Bd6 22. Re1 Rac8 23. Ng3 f4 24. Nf5 Bb8 25. Nxh6+ Kh7 26. Nhg4 Bxe5 27. Nxe5
cxd4 28. Bxd4 Ne6 29. Kf2 b5 30. Nd3 Kg6 31. Ne5+ Kg7 32. Red1 Re7 33. Nd3 Kg6
34. Bxf6 Kxf6 35. Nb4 Kf7 36. Rxd5 Rec7 37. Rd3 Nc5 38. Rd2 Ne6 39. Rdc2 Kg6
40. Nd5 Rh7 41. c4 bxc4 42. Nb6 Rd8 43. Nxc4 Rxh2 44. Nxa3 g4 45. fxg4 Nd4 46.
Rb2 f3 47. Kg3 Rdh8 48. Rd1 fxg2 49. Rxg2 Ne2+ 50. Rxe2 Rxe2 51. Rd6+ Kg7 52.
Nc4 Rxa2 53. Ne3 Rb8 54. Nf5+ Kf7 55. Rd3 Rb4 56. Rf3 Ra8 57. Nd4+ Kg8 58. Nf5
Ra1 59. Kh4 Rg1 60. Rg3 Rxg3 61. Nxg3 Rxb3 62. Nf5 Kf7 63. Kg5 Rb5 64. Kf4 Kg6
65. Nd6 Ra5 66. Ne4 Kf7 67. Ng3 Ke6 68. Nf5 Kf6 69. Ng3 Ra4+ 70. Ne4+ Ke6 71.
g5 Rb4 72. g6 Ra4 73. Kf3 Kf5 74. g7 Ra3+ 75. Ke2 Ra8 76. Nc5 Rg8 77. Kd3 Rxg7
78. Kd4 Rg1 79. Nd3 Rg4+ 80. Kd5 Rg8 81. Nc5 Rd8+ 82. Kc4 Ke5 83. Nd3+ Ke4 84.
Nc5+ Ke3 85. Ne6 Rd1 86. Nc5 Rd2 87. Kc3 Ra2 88. Kc4 Rc2+ 89. Kd5 Rxc5+ 90.
Kxc5 1/2-1/2

[Event "?"]
[Site "?"]
[Date "????.??.??"]
[Round "?"]
[White "Gajek, R."]
[Black "Pallas, S."]
[Result "1-0"]
[WhiteElo "2355"]
[BlackElo "2026"]
[PlyCount "81"]
[EventDate "2014.??.??"]

1. e4 c5 2. Nf3 d6 3. d4 cxd4 4. Nxd4 Nf6 5. Nc3 a6 6. Be3 e6 7. f3 h5 8. Qd2
Qc7 9. O-O-O Nbd7 10. a3 Be7 11. Be2 b5 12. Ndxb5 axb5 13. Nxb5 Qb8 14. Nxd6+
Bxd6 15. Qxd6 Qxd6 16. Rxd6 Ke7 17. Rhd1 Bb7 18. Bb5 Rhd8 19. Bg5 Ne5 20. Rxd8
Rxd8 21. Rxd8 Kxd8 22. f4 Neg4 23. h3 Bxe4 24. hxg4 hxg4 25. g3 Kc7 26. Bxf6
gxf6 27. Be2 f5 28. Kd2 f6 29. Bd3 Bc6 30. c4 Kd6 31. b4 Bd7 32. Bc2 e5 33. Ke3
Kc7 34. c5 Kb7 35. a4 Kc6 36. Bd3 Be6 37. a5 Bc8 38. a6 Be6 39. b5+ Kxc5 40.
Bxf5 Bd5 41. Be4 1-0

[Event "?"]
[Site "?"]
[Date "????.??.??"]
[Round "?"]
[White "Kleibaumhüter, K."]
[Black "Sagar, S."]
[Result "0-1"]
[WhiteElo "2066"]
[BlackElo "2339"]
[PlyCount "80"]
[EventDate "2014.??.??"]

1. Nf3 c5 2. c4 Nc6 3. Nc3 g6 4. d4 cxd4 5. Nxd4 Bg7 6. Nc2 Bxc3+ 7. bxc3 Nf6
8. g3 Qa5 9. Bb2 Ng4 10. Nd4 Nge5 11. Bg2 O-O 12. Nb3 Qc7 13. c5 a5 14. O-O a4
15. Nd4 Qa5 16. Ba3 Qxc3 17. Nb5 Qa5 18. Rb1 Rb8 19. Qc1 b6 20. f4 bxc5 21.
Qxc5 Ba6 22. Nc3 Nc4 23. Nd5 Qxc5+ 24. Bxc5 Nd2 25. Rxb8 Rxb8 26. Re1 d6 27.
Be3 Nc4 28. Bc1 Rc8 29. Bh3 e6 30. Nc3 a3 31. Nb1 Nd4 32. Kf2 d5 33. Bf1 Nc2
34. Rd1 Nb4 35. e4 Nxa2 36. Bxa3 Nxa3 37. Bxa6 Rc2+ 38. Ke3 Nxb1 39. exd5 Nbc3
40. d6 Nxd1+ 0-1

[Event "?"]
[Site "?"]
[Date "????.??.??"]
[Round "?"]
[White "Müller, F."]
[Black "Urban, L."]
[Result "1/2-1/2"]
[WhiteElo "2324"]
[BlackElo "2064"]
[PlyCount "92"]
[EventDate "2014.??.??"]

1. d4 d5 2. c4 e6 3. Nc3 Nf6 4. cxd5 exd5 5. Bg5 Nbd7 6. e3 Be7 7. Bd3 O-O 8.
Qc2 c6 9. Nf3 Re8 10. O-O Nf8 11. h3 Ng6 12. Bxf6 Bxf6 13. b4 b6 14. Rad1 Bb7
15. e4 dxe4 16. Bxe4 Qe7 17. Qa4 a5 18. bxa5 Rxa5 19. Qb3 Ra3 20. Qxb6 Rxc3 21.
Bxg6 Rxf3 22. gxf3 hxg6 23. Rde1 Qxe1 24. Rxe1 Rxe1+ 25. Kg2 Re7 26. Qd8+ Kh7
27. Qd6 Re6 28. Qd7 Re7 29. Qd6 Re6 30. Qd7 Ba6 31. a4 Re1 32. Qxc6 Bf1+ 33.
Kg3 Bxd4 34. Qd5 Bf6 35. Qxf7 Ra1 36. Qb3 Be2 37. h4 Bd1 38. Qd3 Bxa4 39. h5
Be8 40. Qe4 Bf7 41. Qb7 Be6 42. hxg6+ Kxg6 43. Qe4+ Bf5 44. Qe8+ Kh6 45. Qh8+
Bh7 46. Qe8 Bg6 1/2-1/2

[Event "?"]
[Site "?"]
[Date "????.??.??"]
[Round "?"]
[White "Gaitzsch, M."]
[Black "Bräuer, F."]
[Result "0-1"]
[WhiteElo "2058"]
[BlackElo "2317"]
[PlyCount "110"]
[EventDate "2014.??.??"]

1. c4 Nf6 2. g3 e5 3. Bg2 d5 4. cxd5 Nxd5 5. Nc3 Nb6 6. Nf3 Nc6 7. O-O Be7 8.
a3 O-O 9. b4 Re8 10. d3 Bf8 11. Be3 a5 12. b5 Nd4 13. Nd2 Ra7 14. Re1 Be6 15.
Qc2 f5 16. Rab1 a4 17. f4 exf4 18. Bxf4 Bf7 19. Nf3 Nb3 20. Qb2 Bc5+ 21. Kh1
Qe7 22. Ng5 Bxa3 23. Qa2 Bb4 24. Nxf7 Bxc3 25. Ng5 h6 26. Rxb3 axb3 27. Qxb3+
Kh8 28. Nf7+ Kh7 29. Qxc3 Qxf7 30. Qxc7 Qe6 31. h4 Nd5 32. Qc5 Nxf4 33. Qxa7
Nxe2 34. Kh2 Qd6 35. Qf2 Nxg3 36. Kh3 Rxe1 37. Qxe1 Nh5 38. Qe3 Nf4+ 39. Kh2
Nxd3+ 40. Kg1 Qc5 41. Qxc5 Nxc5 42. b6 g5 43. hxg5 hxg5 44. Kf2 Kg6 45. Ke3 Kf6
46. Kd4 Nd7 47. Bxb7 Nxb6 48. Ke3 Ke5 49. Bc6 Nd5+ 50. Kf3 Nf6 51. Bb7 g4+ 52.
Kg3 f4+ 53. Kg2 Kd4 54. Bc6 Ke3 55. Bb7 Ne4 0-1

[Event "?"]
[Site "?"]
[Date "????.??.??"]
[Round "?"]
[White "Osmanodja, F."]
[Black "Brendel, B."]
[Result "1-0"]
[WhiteElo "2295"]
[BlackElo "2057"]
[PlyCount "58"]
[EventDate "2014.??.??"]

1. e4 c6 2. d4 d5 3. e5 Bf5 4. Nf3 e6 5. Be2 c5 6. Be3 cxd4 7. Nxd4 Ne7 8. Nd2
a6 9. f4 Nbc6 10. N2f3 Bg6 11. O-O Nf5 12. Nxf5 Bxf5 13. c3 Be7 14. Bd3 Bxd3
15. Qxd3 g6 16. Kh1 Na5 17. Bd4 h5 18. Qe3 Nc6 19. Bb6 Qd7 20. Rad1 Bd8 21. c4
Ne7 22. Bc5 Nf5 23. Qf2 h4 24. Rfe1 Rc8 25. cxd5 Qb5 26. b4 b6 27. d6 Rxc5 28.
bxc5 bxc5 29. Rb1 Qa4 1-0

[Event "?"]
[Site "?"]
[Date "????.??.??"]
[Round "?"]
[White "Mokal, A."]
[Black "Schütze, N."]
[Result "0-1"]
[WhiteElo "2056"]
[BlackElo "2284"]
[PlyCount "64"]
[EventDate "2014.??.??"]

1. e4 c5 2. Nf3 d6 3. d4 cxd4 4. Nxd4 Nf6 5. Nc3 a6 6. Be2 e6 7. O-O Nbd7 8. a4
b6 9. f4 Bb7 10. Bf3 Qc7 11. Qe2 Rc8 12. f5 e5 13. Nb3 Be7 14. Be3 Qb8 15. Nd2
O-O 16. Nc4 Qc7 17. b3 Rfe8 18. Bd2 Bf8 19. g4 b5 20. axb5 axb5 21. Ne3 b4 22.
Ncd5 Bxd5 23. exd5 e4 24. Bg2 Qc5 25. Kh1 Nb6 26. g5 Nfxd5 27. Nxd5 Nxd5 28.
Bxe4 Qd4 29. Rad1 Nc3 30. Bxc3 Qxc3 31. g6 Re5 32. gxf7+ Kxf7 0-1

[Event "?"]
[Site "?"]
[Date "????.??.??"]
[Round "?"]
[White "Vogel, R."]
[Black "Pererva, V."]
[Result "1-0"]
[WhiteElo "2279"]
[BlackElo "2053"]
[PlyCount "99"]
[EventDate "2014.??.??"]

1. d4 d5 2. Nf3 Nf6 3. c4 c6 4. Nc3 dxc4 5. a4 Bf5 6. e3 e6 7. Bxc4 Bb4 8. O-O
O-O 9. Bd2 Nbd7 10. h3 Qe7 11. Nh4 Bg6 12. Nxg6 hxg6 13. a5 b5 14. Be2 e5 15.
Bf3 Bxc3 16. bxc3 Rac8 17. Qb3 a6 18. c4 Rfd8 19. cxb5 e4 20. Be2 cxb5 21. Rac1
Qd6 22. f3 Qe6 23. Qxe6 fxe6 24. Rxc8 Rxc8 25. Rc1 Rxc1+ 26. Bxc1 Kf7 27. Kf1
e5 28. Bb2 Ke6 29. Bd1 exf3 30. gxf3 Kd6 31. Ke2 exd4 32. Bxd4 Nb8 33. h4 Nc6
34. Bc2 Nxa5 35. Bxg6 Ke6 36. f4 Nc6 37. f5+ Ke7 38. Bc5+ Kd7 39. Bf8 b4 40.
Bxg7 Ke7 41. h5 b3 42. Kd3 Ne5+ 43. Kc3 b2 44. Kxb2 Nc4+ 45. Ka2 Nxe3 46. h6
Nxf5 47. Bxf5 Kf7 48. Ka3 a5 49. Ka4 Ng8 50. Be6+ 1-0

[Event "?"]
[Site "?"]
[Date "????.??.??"]
[Round "?"]
[White "Gehrmann, U."]
[Black "Roos, K."]
[Result "1-0"]
[WhiteElo "2052"]
[BlackElo "2272"]
[PlyCount "115"]
[EventDate "2014.??.??"]

1. e4 g6 2. d4 d6 3. Nc3 c6 4. f4 d5 5. e5 h5 6. Bd3 Nh6 7. Nf3 Bg4 8. h3 Bxf3
9. Qxf3 Nf5 10. e6 Nxd4 11. exf7+ Kxf7 12. Qf2 Nf5 13. Bd2 Qb6 14. Qxb6 axb6
15. O-O-O Nd7 16. g4 Nd6 17. Kb1 Nc5 18. f5 gxf5 19. Bxf5 Nxf5 20. gxf5 Bg7 21.
Rhg1 Rhg8 22. Ne2 Be5 23. Bf4 Kf6 24. Bxe5+ Kxe5 25. Ng3 h4 26. Rge1+ Kf6 27.
Nf1 Ra4 28. Ne3 Rga8 29. a3 Re4 30. b4 Na4 31. Rd3 d4 32. Ng4+ Kxf5 33. Rf3+
Kg5 34. Rxe4 Nc3+ 35. Rxc3 dxc3 36. Ka2 b5 37. Kb3 b6 38. Rxe7 Kf4 39. Re3 c5
40. bxc5 bxc5 41. Rxc3 Rc8 42. Nf6 Ke5 43. Nd7+ Kd6 44. Nxc5 Rxc5 45. Rxc5 Kxc5
46. Kc3 Kd5 47. Kb4 Kc6 48. c4 bxc4 49. Kxc4 Kb6 50. Kd4 Kb5 51. Ke4 Ka4 52.
Kf4 Kxa3 53. Kg4 Kb4 54. Kxh4 Kc5 55. Kg5 Kd6 56. Kf6 Kd7 57. h4 Ke8 58. Kg7
1-0

[Event "?"]
[Site "?"]
[Date "????.??.??"]
[Round "?"]
[White "Turikov, V."]
[Black "Küchle, W."]
[Result "1-0"]
[WhiteElo "2256"]
[BlackElo "2048"]
[PlyCount "113"]
[EventDate "2014.??.??"]

1. e3 d5 2. b3 Nf6 3. Bb2 Bf5 4. Nf3 e6 5. Be2 Be7 6. Nh4 Bg6 7. O-O O-O 8. f4
Ne4 9. Nxg6 hxg6 10. d3 Bf6 11. c3 Nd6 12. Bf3 c6 13. d4 Be7 14. Na3 Nd7 15.
Nc2 Nf6 16. g3 Nfe4 17. Ne1 f5 18. Nd3 Nf7 19. c4 Qd7 20. Rc1 Rfc8 21. Rc2 Bd6
22. Rg2 g5 23. g4 gxf4 24. exf4 a5 25. Kh1 Nh6 26. g5 Nf7 27. Qe1 a4 28. c5 a3
29. Bc1 Bc7 30. Be3 g6 31. Nf2 b6 32. Nd3 Kg7 33. Kg1 Rh8 34. b4 Rhe8 35. Bc1
Qc8 36. h4 Qa6 37. Ne5 Bxe5 38. fxe5 bxc5 39. bxc5 Qd3 40. Qd1 Qc4 41. Rc2 Qa4
42. Bxe4 dxe4 43. Rc3 Red8 44. Qxa4 Rxa4 45. Be3 Rdxd4 46. Bxd4 Rxd4 47. Rxa3
Nxe5 48. Ra7+ Kf8 49. Rb1 Nd7 50. Rc7 e3 51. Rxc6 Re4 52. Kf1 f4 53. Ke2 Ke7
54. Rc7 Kd8 55. Ra7 Rd4 56. c6 Rd2+ 57. Ke1 1-0

[Event "?"]
[Site "?"]
[Date "????.??.??"]
[Round "?"]
[White "Hansch, S."]
[Black "Rösemann, R."]
[Result "0-1"]
[WhiteElo "2044"]
[BlackElo "2255"]
[PlyCount "64"]
[EventDate "2014.??.??"]

1. d4 Nf6 2. c4 c5 3. d5 b5 4. cxb5 a6 5. bxa6 g6 6. Nc3 Bxa6 7. e4 Bxf1 8.
Kxf1 d6 9. Nf3 Nbd7 10. h3 Bg7 11. Kg1 O-O 12. Kh2 Qa5 13. Re1 Rfb8 14. Re2 Ne8
15. Rc2 Nc7 16. Bg5 Ra6 17. Bxe7 f6 18. Nd2 Qb4 19. Qe2 Re8 20. Bxd6 Rxd6 21.
Nc4 Ra6 22. d6 Ne6 23. Nd5 Qb8 24. Qg4 Ne5 25. Nxe5 Qxd6 26. f4 fxe5 27. f5 Nd4
28. Rf2 Nxf5 29. exf5 Qxd5 30. Rd1 Qxa2 31. fxg6 Rxg6 32. Qd7 Qe6 0-1

[Event "?"]
[Site "?"]
[Date "????.??.??"]
[Round "?"]
[White "Müller, M."]
[Black "Bade, H."]
[Result "1-0"]
[WhiteElo "2246"]
[BlackElo "2028"]
[PlyCount "97"]
[EventDate "2014.??.??"]

1. d4 e6 2. Nf3 c5 3. c3 d5 4. Bf4 Nc6 5. e3 Nf6 6. Bd3 Be7 7. Nbd2 c4 8. Bc2
b5 9. e4 a5 10. a3 h6 11. h3 Bb7 12. Qe2 Rc8 13. e5 Nd7 14. g4 Nb6 15. Qe3 g5
16. Bg3 Kd7 17. h4 gxh4 18. Bxh4 Qg8 19. Qf4 Rf8 20. Bxe7 Kxe7 21. Qf6+ Ke8 22.
O-O-O Nd7 23. Qf4 Qg7 24. Rh4 Ne7 25. Qh2 Ng6 26. Rh3 Ne7 27. Rh1 Ng6 28. Rxh6
Rxh6 29. Qxh6 Qxh6 30. Rxh6 Nf4 31. Nf1 Rg8 32. g5 Bc6 33. Rh4 Ng6 34. Bxg6
Rxg6 35. Rh8+ Nf8 36. Ne3 Ke7 37. Ng4 Rg7 38. Nf6 a4 39. Kd2 Be8 40. Ke3 Bc6
41. Ke2 Be8 42. Kf1 Bc6 43. Kg1 Be8 44. Kh2 Bc6 45. Kg3 Bb7 46. Kg4 Bc6 47. Nh4
Bb7 48. f4 Bc8 49. Kh5 1-0

[Event "?"]
[Site "?"]
[Date "????.??.??"]
[Round "?"]
[White "Hocke, S."]
[Black "Heck, N."]
[Result "1-0"]
[WhiteElo "2000"]
[BlackElo "2239"]
[PlyCount "117"]
[EventDate "2014.??.??"]

1. e4 g6 2. d4 Bg7 3. Nc3 d6 4. Be3 a6 5. Be2 b5 6. a3 Nd7 7. Nf3 Bb7 8. O-O
Ngf6 9. e5 Nd5 10. e6 fxe6 11. Ng5 Nf8 12. Nxd5 Bxd5 13. f3 h6 14. Ne4 Nd7 15.
Nc3 O-O 16. Bd3 Qe8 17. Nxd5 exd5 18. f4 Nf6 19. Rf3 Ne4 20. Rh3 Qf7 21. Qf3
Qe6 22. Qe2 c5 23. c3 c4 24. Bc2 a5 25. Re1 b4 26. Bc1 bxa3 27. bxa3 Rab8 28.
Qf1 g5 29. Rf3 gxf4 30. Rxf4 Rxf4 31. Qxf4 Rf8 32. Qe3 Qf6 33. h3 Nxc3 34. Qxc3
Qf2+ 35. Kh1 Bxd4 36. Qxa5 e6 37. Qd2 Qxd2 38. Bxd2 Rf2 39. Rd1 Bc5 40. Ba4
Bxa3 41. Bxh6 c3 42. Bc1 Bc5 43. Kh2 Kf7 44. Kg3 Rf5 45. h4 d4 46. Bc2 Re5 47.
Rf1+ Kg7 48. Bd3 Bb4 49. Kg4 Ra5 50. h5 Ra8 51. h6+ Kh8 52. h7 d5 53. Bh6 e5
54. Bg6 Ra6 55. Kh5 Ra7 56. Rb1 Bd6 57. Rb6 Rd7 58. Rc6 Rd8 59. Bg5 1-0